=LDR 00000nam 2200000 4500 =001 INLIS000000000031066 =005 20130612133147 =008 ***********************************ind** =035 ##$$0010-061300000031066 =041 ##$$a ind =082 ##$$a 620.001.515 =090 ##$$a 620.001.515, Sus s =100 ##$$a Susatio,Yerri =245 ##$$a Solusi elmen hingga berbasis mathcad, Yerri Susatio; editor, Dhewi berta Hardjono =260 ##$$a 2007 $b Yogyakarta =300 ##$$a 612 hlm, ilus, 28 cm =650 ##$$a ENJINIRING =850 ##$$a NBPNMAT